000
00248nam a22001097a 4500
003
OSt
008
231116b |||||||| |||| 00| 0 eng d
041
_a
mal
100
_a
Radhakrishnan, S
_9
1462
245
_a
Mahathmagandhi 100 Varshangal
942
_c
BK
999
_c
17969
_d
17969